000 01241nam a2200253Ia 4500
999 _c40589
_d40589
001 7214
003 GE_BSU
005 20230310115907.0
008 181216s2009ge xx |||||||||||||| ||geo||
020 _a978994110086.
040 _cGE_BSU
041 _ageo
080 _a347.61/64(075.8) შ-48
100 _aშენგელია რომან.
_917161
245 _aსაოჯახო სამართალი:(თეორია და პრაქტიკა)
_bსახელმძღვ.სტუდ. /
_cრომან შენგელია, ეკეტერინე შენგელია, რედ. ჯონი ხეცურიანი, ლადო ჭანტურია.
264 _aთბილისი :
_bმერიდიანი,
_c2009.
300 _a528 გვ;
_b20 სმ.
501 _aდანართები:გვ412-527.
504 _aბიბლიოგრაფ.ტექსტ.შენიშნ.
653 _aსაოჯახო სამართალი.
700 _aხეცურიანი, ჯონი
_eრედაქტორი
_917162
700 _aჭანტურია, ლადო
_eრედაქტორი
_917163
942 _cBK
_2udc